[Event "Gironi-ch A"]
[Site "Sant Gregori"]
[Date "2007.11.25"]
[Round "8.9"]
[White "Garcia Taberner, Laura"]
[Black "Muratet Casadevall, Jordi"]
[Result "1/2-1/2"]
[WhiteElo "2002"]
[BlackElo "1837"]
[PlyCount "130"]
[EventDate "2007.10.07"]
[EventType "swiss"]
[EventRounds "8"]
[EventCountry "ESP"]
[SourceTitle "EXT 2024"]
[Source "ChessBase"]
[SourceDate "2023.10.10"]
[SourceVersion "1"]
[SourceVersionDate "2023.10.10"]
[SourceQuality "1"]

1. e4 d6 2. d4 Nf6 3. Nc3 g6 4. Nf3 Bg7 5. Be2 0-0 6. 0-0 c6 7. Bg5 b5 8. a3 Bb7 9. Re1 Re8 10. Qd2 a5 11. Bd3 Qb6 12. Rab1 e5 13. dxe5 dxe5 14. Be3 Qc7 15. Bh6 Na6 16. Qg5 Nc5 17. Bxg7 Kxg7 18. Nh4 Bc8 19. Nd1 h6 20. Qe3 Qe7 21. h3 Nxd3 22. cxd3 Nh5 23. Nf3 c5 24. Nc3 Nf4 25. Nxb5 Ba6 26. a4 Red8 27. Red1 Rab8 28. Rd2 Bxb5 29. axb5 Rxb5 30. Rc1 f6 31. Kh2 Rd7 32. g3 Ne6 33. Ra1 Nd4 34. Nxd4 cxd4 35. Qe1 Rdb7 36. Qc1 Rc7 37. Qd1 Rcb7 38. Qe2 Qd8 39. Kg2 Qb8 40. Ra2 Rc7 41. Rc2 Qb6 42. Rxc7+ Qxc7 43. Qd2 Qc5 44. Ra4 Qb6 45. Ra2 Qc5 46. Qd1 Qb6 47. Qc2 Qc5 48. Qxc5 Rxc5 49. Kf3 Rb5 50. Ke2 f5 51. f3 Kf6 52. Kd2 fxe4 53. fxe4 h5 54. Kc2 Kg5 55. Ra1 h4 56. Rg1 hxg3 57. Rxg3+ Kf6 58. h4 Rc5+ 59. Kb1 a4 60. Rg2 Rc8 61. Rf2+ Ke6 62. Ka2 Rh8 63. Rg2 Kf6 64. Rg4 Rc8 65. Rg2 Rh8 1/2-1/2

[Event "Girona-chA"]
[Site "Girona"]
[Date "2004.??.??"]
[Round "4"]
[White "Muratet Casadevall, Jordi"]
[Black "Alonso Arenales, Pablo"]
[Result "1/2-1/2"]
[WhiteElo "1930"]
[BlackElo "1905"]
[PlyCount "63"]
[EventDate "2004.??.??"]
[EventType "swiss"]
[EventRounds "9"]
[EventCountry "ESP"]
[SourceTitle "EXT 2007"]
[Source "ChessBase"]
[SourceDate "2006.11.23"]
[SourceVersion "1"]
[SourceVersionDate "2006.11.23"]
[SourceQuality "1"]

1. e4 e5 2. Nf3 Nc6 3. Bc4 Bc5 4. 0-0 Nf6 5. d3 0-0 6. Bg5 d6 7. h3 Be6 8. Nc3 Bxc4 9. dxc4 h6 10. Bh4 Nd4 11. Nxd4 Bxd4 12. Nd5 g5 13. c3 Nxd5 14. cxd5 Bb6 15. Qg4 Qf6 16. Bg3 Qg6 17. Qf5 Qxf5 18. exf5 h5 19. Bh2 h4 20. Kh1 Kg7 21. g4 hxg3 22. fxg3 Kf6 23. Rae1 Rh8 24. Kg2 Rh6 25. g4 Rc8 26. Bg1 Bxg1 27. Rxg1 c6 28. Rd1 Ke7 29. Rge1 cxd5 30. Rxd5 b6 31. Re4 f6 32. Rb5 1/2-1/2